000 00749nam a2200181Ia 4500
008 090123s9999 xx 000 0 und d
082 _b998
_a891.463/शिंदे
100 _aशिंदे शांताराम रामचंद्र
245 _aभ्रमरासी चारा सुगंधाचा
250 _a1
260 _bसिध्द प्रभाकर
300 _a117
600 _aशिंदे शांताराम रामचंद्र
630 _aभ्रमरासी चारा सुगंधाचा
700 _aशिंदे शांताराम रामचंद्र
730 _aभ्रमरासी चारा सुगंधाचा
942 _cBOOK
999 _c39083
_d39083